Métodos de enseñanza en la educación secundaria
Uloženo v:
| Médium: | Kniha |
|---|---|
| Jazyk: | španělština |
| Vydáno: |
Santiago
ICI
1946
|
| Edice: | Programa Cooperativo Interamericano de Educación
|
| Témata: | |
| Tagy: |
Přidat tag
Žádné tagy, Buďte první, kdo vytvoří štítek k tomuto záznamu!
|
MARC
| LEADER | 00000nam a2200000 a 4500 | ||
|---|---|---|---|
| 001 | UCW6398 | ||
| 003 | CL-VaPUC | ||
| 008 | 911206e19460000CL |||||||||||||||||spa|d | ||
| 082 | 0 | 4 | |a 373.13 |b MET |2 21 |
| 245 | 1 | 0 | |a Métodos de enseñanza en la educación secundaria |
| 300 | |a 138 p | ||
| 942 | |c BK | ||
| 945 | |d 19911206 00:00:00 | ||
| 260 | |a Santiago |b ICI |c 1946 | ||
| 650 | 0 | |a Métodos de enseñanza |9 270413 | |
| 650 | 7 | |a EDUCACION MEDIA METODOLOGIA |2 CL-VaPUC |9 311449 | |
| 583 | |a last modification |c 20120531 11:35:44 |k Rodrigo Vera | ||
| 490 | 0 | |a Programa Cooperativo Interamericano de Educación | |
| 999 | |c 219473 |d 219471 | ||
| 952 | |0 0 |1 0 |4 0 |6 373_130000000000000_MET_1946 |7 0 |8 P |9 210427 |a BIBEDU |b BIBEDU |c BIBEDU_PB |d 2019-11-15 |i 2785595 |o 373.13 MET 1946 |p 2785595 |r 2024-01-25 |w 2019-11-15 |y BK |k EDU | ||
| 952 | |0 0 |1 0 |4 0 |6 373_130000000000000_MET_1946 |7 0 |8 P |9 210428 |a BIBEDU |b BIBEDU |c BIBEDU_PB |d 2019-11-15 |i 2785609 |o 373.13 MET 1946 |p 2785609 |r 2024-01-25 |w 2019-11-15 |y BK |k EDU | ||
| 952 | |0 0 |1 0 |4 0 |6 373_130000000000000_MET_1946 |7 0 |8 P |9 210429 |a BIBEDU |b BIBEDU |c BIBEDU_PB |d 2019-11-15 |i 2785617 |o 373.13 MET 1946 |p 2785617 |r 2024-01-25 |w 2019-11-15 |y BK |k EDU | ||